| 000 | 01502 a2200217 4500 | ||
|---|---|---|---|
| 001 | 61954 | ||
| 005 | 20260407155912.0 | ||
| 008 | 260407a2006 arg spa d | ||
| 003 | AR-UNSa-BCEJYS | ||
| 040 |
_aAR-UNSa-BCEJYS _bspa _cAR-UNSa-BCEJYS |
||
| 080 |
_a347.77 _xPropiedad industrial, comercial y científica. Derecho sobre patentes y marcas. Registro de modelos, planos, marcas y nombres comerciales |
||
| 245 | 1 | 0 | _aPropiedad intelectual y salud pública |
| 020 | _a978-987-03-0840-9 | ||
| 264 | 1 |
_aBuenos Aires : _bUniversidad de Buenos Aires. Facultad de Derecho _c2006 |
|
| 300 |
_axiii, 272 p. _c24 cm. |
||
| 505 | _a1. Internacionalización del sistema de patentes y nuevas tecnologías - 2. Medidas pro-competitivas en el marco del Acuerdo sobre los ADPIC – 3. Repercusiones de la Declaración de Doha relativa al Acuerdo sobre los ADPIC y la Salud Pública – 4. Integración de la salud pública en la legislación sobre patentes de los países en desarrollo – 5. Patentamiento de la segunda indicación farmacéutica – 6. Protección de los datos presentados para el registro de productos farmacéuticos – 7. La protección de la propiedad intelectual y la salud pública en el Tratado de Comercio Chile- Estados Unidos – 8. Bilateralismo en la propiedad intelectual y el acceso a medicamentos – 9. Protección de los sistemas de medicina tradicional | ||
| 041 | _aspa | ||
| 942 | _cBK | ||
| 590 | _aniveau_biblio:m niveau_hierar:0 | ||
| 100 | 1 | _aCorrea, Carlos María | |
| 999 |
_c7494 _d7494 |
||